000 00455nab a2200145Ia 4500
003 ES-SlBCS
005 20210601125233.0
008 140529s1974 xxu||||| |||| 00| 0 eng d
041 _aeng
100 1 _aPike, Alfred
_951183
245 0 0 _athe Foundational theoriesof ennio
_c Alfred Pike
650 0 4 _aPercepción Musical-Fenomenología
_9155796
773 0 _tPhilosophy and Phenomenological Research
_gvol. 34, 1974, págs. 429-434
_wRev1411
942 _cAR
999 _c527002
_d527002